MARC details
| 000 -LEADER |
| campo de control de longitud fija |
01670nam a2200373 i 4500 |
| 001 - NÚMERO DE CONTROL |
| campo de control |
197695 |
| 003 - IDENTIFICADOR DE NÚMERO DE CONTROL |
| campo de control |
ES-GrU |
| 005 - FECHA Y HORA DE LA ÚLTIMA TRANSACCIÓN |
| campo de control |
20250708170048.0 |
| 007 - CAMPO FIJO DE DESCRIPCIÓN FÍSICA--INFORMACIÓN GENERAL |
| campo de control de longitud fija |
ta |
| 008 - DATOS DE LONGITUD FIJA--INFORMACIÓN GENERAL |
| campo de control de longitud fija |
180716s2014 sp a 100 0 spa d |
| 035 ## - NÚMERO DE CONTROL DEL SISTEMA |
| Número de control de sistema |
(ES-GrU)b29119480-34cbua_ugr |
| 035 ## - NÚMERO DE CONTROL DEL SISTEMA |
| Número de control de sistema |
991006933349704990 |
| 040 ## - FUENTE DE CATALOGACIÓN |
| Centro catalogador/agencia de origen |
UGR |
| Lengua de catalogación |
spa |
| Centro/agencia transcriptor |
ES-MaACL |
| 049 ## - FONDOS LOCALES (OCLC) |
| Biblioteca depositaria |
EXTA-7 |
| 080 ## - NÚMERO DE LA CLASIFICACIÓN DECIMAL UNIVERSAL |
| Número de la Clasificación Decimal Universal |
008 |
| 111 2# - ENTRADA PRINCIPAL--NOMBRE DE CONGRESO/REUNIÓN |
| Nombre de congreso/reunión o jurisdicción como elemento de entrada |
Conferencia Internacional Mediterránea |
| Fecha del congreso o de la firma del tratado |
(2014. |
| Sede del congreso/Lugar de la reunión |
Valencia) |
| 9 (RLIN) |
241118 |
| 245 10 - MENCIÓN DEL TÍTULO |
| Título |
Conferencia internacional mediterránea : |
| Resto del título |
Factum Maris : |
| Mención de responsabilidad, etc. |
Multaqa de las tres culturas, 13, 14 y 14 de junio de 2014, [Reial Monestir de Santa Maria de la Valldigna] / |
| -- |
[textos, Isabel Giner y José Manuel Gironés] |
| 260 ## - PUBLICACIÓN, DISTRIBUCIÓN, ETC. |
| Lugar de publicación, distribución, etc. |
[Valencia] : |
| Nombre del editor, distribuidor, etc. |
Generalitat Valenciana, |
| Fecha de publicación, distribución, etc. |
2014 |
| 300 ## - DESCRIPCIÓN FÍSICA |
| Extensión |
114 páginas : |
| Otras características físicas |
ilustrado ; |
| Dimensiones |
20 cm + |
| Material acompañante/anejo |
1CD |
| 336 ## - TIPO DE CONTENIDO |
| Fuente |
rdacontent |
| Término de tipo de contenido |
texto |
| 337 ## - TIPO DE MEDIO |
| Fuente |
rdamedia |
| Nombre/término del tipo de medio |
sin mediación |
| 338 ## - TIPO DE SOPORTE |
| Fuente |
rdacarrier |
| Nombre/término del tipo de soporte |
volumen |
| 500 ## - NOTA GENERAL |
| Nota general |
Precede al título: X Aniversario de la Multaqa de las tres culturas |
| 650 #7 - PUNTO DE ACCESO ADICIONAL DE MATERIA--TÉRMINO DE MATERIA |
| Término de materia o nombre geográfico como elemento de entrada |
Mediterráneo (Región)- |
| Subdivisión de forma |
Congresos |
| Fuente del encabezamiento o término |
EMBUS |
| 9 (RLIN) |
241119 |
| 650 #7 - PUNTO DE ACCESO ADICIONAL DE MATERIA--TÉRMINO DE MATERIA |
| Término de materia o nombre geográfico como elemento de entrada |
Civilización- |
| Subdivisión de forma |
Congresos. |
| Fuente del encabezamiento o término |
EMBUS |
| 9 (RLIN) |
241120 |
| 700 1# - ENTRADA AGREGADA--NOMBRE PERSONAL |
| Nombre de persona |
Giner, Isabel, |
| Término indicativo de función/relación |
Autor |
| 9 (RLIN) |
241121 |
| 700 1# - ENTRADA AGREGADA--NOMBRE PERSONAL |
| Nombre de persona |
Girones, José Manuel, |
| Término indicativo de función/relación |
Autor |
| 9 (RLIN) |
241122 |
| 852 ## - LOCALIZACIÓN |
| Ubicación |
ES-MaACL |
| Ubicación en estantería |
Depósito 1 |
| Número de control de estantería |
A-15759 |
| Donativo/Legado |
Donación: Centro de Información Documental de Archivos (CIDA) |
| Encuadernación |
Encuadernación rústica con solapas |
| itemnumber |
206117 |
| 914 ## - NOMBRE ENTIDAD DE DONANTE |
| Nombre de congreso/reunión o jurisdicción como elemento de entrada |
Centro de Información Documental de Archivos |
| 942 ## - ELEMENTOS DE ENTRADA SECUNDARIOS (KOHA) |
| Suprimir en OPAC |
No |
| Tipo de ítem Koha |
Libro impreso |